Statistiques concernant Générique Pokémon (1)

Cliquez ici pour prendre le quiz!

Statistiques générales

  • Ce quiz a été pris 162 fois
  • Le résultat moyen est 10 sur 19

Statistiques - réponses

Paroles troués Réponses % Correct
Un jour je le meilleur________Dresseur
99%
Je me batterai ____ _____Sans répit
88%
Je parcourrai la _____ _______Terre Entière
69%
Et ______ les _____Gagner / Défis
62%
Les pokémons et _____ _______Leurs mystères
61%
Le _____ de leur ________Secret pouvoir
59%
Ensemble pour __ ________La victoire
56%
Pokémon ! Rien ne nous ________Arrêtera
56%
Notre ______ triompheraAmitié
50%
_______ ! ________ ___ ____Pokémon ! Attrapez les tous
50%
C'est notre _______Histoire
47%
_______ ! ________ ___ ____Pokémon ! Attrapez les tous
41%
Ça demande du _______Courage
40%
_______ ____ _______Traquant avec espoir
39%
_______ ! ________ ___ ____Pokémon ! Attrapez les tous
36%
Un ______ ___________Voyage d'apprentissage
29%
Même _ _____ ___à notre âge
28%
Je ferai tout pour ____ ________Être vainceur
27%
_______ __ ____ ! _______Attrapez les tous ! Pokémon
27%

Distribution des résultats

Percentile par nombre de réponses

% des personnes avec chaque résultat

Votre développement - résultats

Vous n’avez pas pris ce quiz